00558pam a2200157 a 4500020003600000020003500036040000800071082002600079100002400105245006600129260005400195300003400249500008400283650001500367650001800382 a0819190616 (cloth : alk. paper) a0819190624 (pbk. : alk. paper) cDLC00a330 UNI 1993 A020 Or.1 aSakakibara, Eisuke.10aBeyond capitalism :bthe Japanese model of market economics / aLanham, MD :bUniversity Press of America,c1993. axxi, 162 p. :bill. ;c24 cm. a"Co-published by arrangement with the Economic Strategy Institute"--T.p. verso. 0aCapitalism 0aMixed economy